|
|
|
|
| LEADER |
00000cam a2200000 7i4500 |
| 001 |
0000168902 |
| 005 |
20131118.0 |
| 020 |
|
|
|a 9781848108332
|
| 090 |
0 |
0 |
|a 001
|b PAR
|
| 100 |
1 |
|
|a Parker, Steve
|
| 245 |
1 |
0 |
|a Inside speed machines
|c Steve Parker ; illustrated by, Alex Pang
|
| 260 |
|
|
|a Essex :
|b Miles Kelly Publishing Ltd. ,
|c 2011
|
| 300 |
|
|
|a 40p. :
|b ill. ;
|c 28cm.
|
| 490 |
0 |
|
|a Discovery explore your world
|
| 500 |
|
|
|a Play & Learn Library
|
| 650 |
0 |
0 |
|a Speed machines
|x Juvenile literature
|
| 700 |
1 |
|
|a Pang, Alex
|
| 999 |
|
|
|a 00283216
|b BUKU
|c JUNIOR REFERENCE
|e PERPUSTAKAAN KOMUNITI PETALING JAYA
|